Rozhodujúce faktory financovania podnikov cestovného ruchu bakalárska práca

Saved in:
Bibliographic Details
Main Author: Golian, Marek
Corporate Author: Fakulta podnikového manažmentu EU. Katedra podnikových financií
Other Authors: Kubranová, Magdaléna, 1956-
Format: Book
Language:Slovak
Published: Bratislava 2022
Tags: Add Tag
No Tags, Be the first to tag this record!

MARC

LEADER 00000nbm a2200000 4500
001 0285436
005 20230223105022.1
041 0 |a slo 
044 |a SK 
245 1 0 |a Rozhodujúce faktory financovania podnikov cestovného ruchu  |b bakalárska práca  |c Marek Golian ; školiteľ: Magdaléna Kubranová 
264 1 |a Bratislava  |c 2022 
300 |a 50 s. 
100 1 |a Golian, Marek 
700 1 |a Kubranová, Magdaléna, 1956- 
710 2 |a Fakulta podnikového manažmentu EU. Katedra podnikových financií